000 00978nam a2200241 i 4500
003 DO-SdBNP
005 20230804153318.0
007 ta
008 230804e1957 dr ao||| |||| 00| 0 spa d
040 _aDO-SdBNP
_bspa
_cBNPHU
_erda
082 4 _222
_bC749i
111 2 _aCongreso Iberoamericano de Educación
_n(3er.:
_d1957:
_cCiudad Trujillo)
_983886
245 _a III congreso iberoamericano de educación:
_breunión ordinaria del Consejo Directivo de la oficina de educación iberoamericana. /
246 1 1 _a Tercer congreso iberoamericano de educación:
_breunión ordinaria del Consejo Directivo de la oficina de educación iberoamericana.
264 1 _aCiudad Trujillo :
_b[Sin lugar],
_c1957
300 _a[26] páginas :
_bIlustraciones ;
_c27 cm
336 _2rdacontent
_atexto
_btxt
337 _2rdamedia
_asin mediación
_bn
338 _2rdacarrier
_avolumen
_bnc
500 _aIncluye notas al pie de páginas
590 _aInventariado 2023 / MF
942 _2ddc
_cLF2
999 _c54330
_d54330